LEADER 01302oam 22004093a 450 001 9910696168203321 005 20070913145514.0 035 $a(CKB)5470000002375127 035 $a(OCoLC)49058146 035 $a(EXLCZ)995470000002375127 100 $a20020214d1998 ua 0 101 0 $aeng 181 $ctxt$2rdacontent 182 $cc$2rdamedia 183 $acr$2rdacarrier 200 00$aSorting out 'green' advertising claims$b[electronic resource] 210 1$a[Washington, D.C.] :$cFederal Trade Commission, Bureau of Consumer Protection, Office of Consumer and Business Education,$d[1998] 215 $a4 unnumbered pages $cdigital, PDF file 225 1 $aFTC facts for consumers 300 $aTitle from title screen (viewed on Sept. 13, 2007). 300 $a"April 1999"--P. [4]. 606 $aGreen marketing$zUnited States 615 0$aGreen marketing 676 $a070.5797 676 $a363.7 676 $a011.53 676 $a381.1 676 $a686.28 712 02$aUnited States.$bFederal Trade Commission.$bOffice of Consumer and Business Education. 801 0$bN@F 801 1$bN@F 801 2$bOCLCQ 801 2$bGPO 906 $aBOOK 912 $a9910696168203321 996 $aSorting out 'green' advertising claims$93171253 997 $aUNINA LEADER 01813nam2 22003613i 450 001 FER0098204 005 20251003044154.0 010 $a8802021082 020 $aIT$b738366 020 $aIT$b745701 100 $a20140228d1973 ||||0itac50 ba 101 | $aita 102 $ait 181 1$6z01$ai $bxxxe 182 1$6z01$an 183 1$6z01$anc$2RDAcarrier 200 1 $aˆ1: ‰Introduzione generale$fdi A. Agostino Capocaccia$c*Dalla preistoria all'anno mille$fdi Alberto Mondini 210 $aTorino$cUTET$dc 1973 215 $aXX, 417 p., [56] carte di tav.$cill.$d25 cm 423 0$12001 $aIntroduzione generale$fA. Agostino Capocaccia$1700 1$aCapocaccia$b, Antonio Agostino$f <1901-1978>$3SGEV012467$4070 423 0$12001 $aDalla Preistoria all'anno Mille$fdi Alberto Mondini.$1700 1$aMondini$b, Alberto$c $3RAVV026237$4070 461 1$1001RAV0050042$12001 $aStoria della tecnica$fdirezione e coordinamento di A. Agostino Capocaccia$v1 676 $a609$9TECNOLOGIA. STORIA, GEOGRAFIA, PERSONE$v21 700 1$aMondini$b, Alberto$c $3RAVV026237$4070$029458 702 1$aCapocaccia$b, Antonio Agostino$f <1901-1978>$3SGEV012467$4080 801 3$aIT$bIT-000000$c20140228 850 $aIT-BN0095 $aIT-NA0079 $aIT-AV0151 $aIT-SA0272 $aIT-NA0666 901 $bNAP BN$cS.MOD $nLa consegna dei documenti è effettuata dall'Ufficio Distribuzione 912 $aFER0098204 950 2$aBiblioteca Centralizzata di Ateneo$cv. 1-4$d 01STORICA 17 STODT$e 01AR 0070031825 VMA (0001 v. 1$fB $h20250723$i20250723 977 $a 01$a BN$a CF$a ES$a GV 996 $aIntroduzione generale$94410776 997 $aUNISANNIO